| 000 | 00384nam a22001337a 4500 | ||
|---|---|---|---|
| 082 |
_a891.4393 _bTAR |
||
| 100 |
_aMustansar Hussain Tarar _99703 |
||
| 245 |
_aکے ٹو کہانی _cMustansar Hussain Tarar |
||
| 260 |
_aLahore, Pakistan _bSang-e-Meel Publications _c1998 |
||
| 300 | _a429 p. : | ||
| 526 |
_a0 _b0 _c0 _d891_439300000000000_TAR |
||
| 650 |
_aMCE _9379 |
||
| 942 |
_2ddc _cBK |
||
| 999 |
_c550290 _d550290 |
||